000 00662nam a22001457a 4500
999 _c80279
_d80279
008 201130b ||||| |||| 00| 0 eng d
040 _bger
_cSTAFF
_erda
_aSTAFF
100 _aGutke, Thomas
245 _aStadt geht gegen Anfrage der AfD vor:
_bSulfat: Das Gefahrengutachten für die Trinkwassergewinnung aus der Spree liegt vor. Die FWA sieht sich bestätigt - und die Bergbauunternehmen in der Pflicht. /
_cThomas Gutke
773 _dFrankfurt (Oder): Märkisches Verlags- und Druckhaus GmbH & Co KG
_g31. Jahrgang (2020) Nr. 282 vom 03.12.2020, S. 13
_tMärkische Oderzeitung
942 _cA